Fr. Conceicao Rodrigues College of Engineering

Physics and technology of semiconductor devices (Record no. 31576)

MARC details
000 -LEADER
fixed length control field 00336nam a2200145Ia 4500
082 ## - DEWEY DECIMAL CLASSIFICATION NUMBER
Classification number 621.38173
Item number PUC/E
100 ## - MAIN ENTRY--PERSONAL NAME
Personal name Resnick/R
245 ## - TITLE STATEMENT
Title Physics and technology of semiconductor devices
260 ## - PUBLICATION, DISTRIBUTION, ETC.
Name of publisher, distributor, etc. John wiley and sons
Place of publication, distribution, etc. New York
Date of publication, distribution, etc. 1967
300 ## - PHYSICAL DESCRIPTION
Extent 366
546 ## - LANGUAGE NOTE
Language note ENGLISH
654 ## - SUBJECT ADDED ENTRY--FACETED TOPICAL TERMS
Focus term Physics
942 ## - ADDED ENTRY ELEMENTS (KOHA)
Koha item type BOOK
Holdings
Withdrawn status Lost status Damaged status Not for loan Collection Home library Current library Shelving location Date acquired Source of acquisition Cost, normal purchase price Inventory number Total Checkouts Full call number Barcode Date last seen Cost, replacement price Price effective from Koha item type
        CRC Fr. Agnel's C.Rodrigues College of Engineering Fr. Agnel's C.Rodrigues College of Engineering   17/03/2023 Book World 725.35 088/10.08.90   621.38173 PUC/E 2885 17/03/2023 725.35 17/03/2023 BOOK